Super Smash Flash 2 Characters - Statistics

General Stats
  • This quiz has been taken 15 times
  • The average score is 39 of 48
Answer Stats
Answer % Correct
Donkey Kong
100%
Falco
100%
Fox
100%
Goku
100%
Link
100%
Mario
100%
Peach
100%
Sonic
100%
Tails
100%
Zelda
100%
Bowser
91%
Ganondorf
91%
Jigglypuff
91%
King Dedede
91%
Lucario
91%
Luigi
91%
Mega Man
91%
Meta Knight
91%
Naruto
91%
Pikachu
91%
Sheik
91%
Ichigo
82%
Kirby
82%
Ness
82%
Pichu
82%
Sandbag
82%
Wario
82%
Yoshi
82%
Bandana Dee
73%
Bomberman
73%
Krystal
73%
Lloyd
73%
Luffy
73%
Mr. Game & Watch
73%
Pac-Man
73%
Pit
73%
Samus
73%
Sora
73%
Waluigi
73%
Captain Falcon
64%
Rayman
64%
Simon
64%
Zero Suit Samus
64%
Black Mage
55%
Marth
55%
Ryu
55%
Chibi-Robo
45%
Isaac
45%
No matching quizzes found
Score Distribution
Percent of People with Each Score
Percentile by Number Answered
Your Score History
You have not taken this quiz